El Ius Commune y la formación de las instituciones de Derecho Público
Guardat en:
| Autor principal: | |
|---|---|
| Format: | Llibre |
| Idioma: | espanyol |
| Publicat: |
Valencia
Tirant Lo Blanch
2012
|
| Edició: | 1a. ed |
| Col·lecció: | Monografías
|
| Matèries: | |
| Etiquetes: |
Afegir etiqueta
Sense etiquetes, Sigues el primer a etiquetar aquest registre!
|
MARC
| LEADER | 00000cam a2200000 a 4500 | ||
|---|---|---|---|
| 001 | UCD4432 | ||
| 003 | CL-VaPUC | ||
| 008 | 160708e20120000sp |||||||||||||||||spa|d | ||
| 020 | |a 9788490331101 | ||
| 082 | 0 | 4 | |a 342 |b GON |2 21 |
| 100 | |a González-Varas Ibáñez, Alejandro |e author |9 603917 | ||
| 245 | 1 | 3 | |a El Ius Commune y la formación de las instituciones de Derecho Público |
| 250 | |a 1a. ed | ||
| 300 | |a 261 p | ||
| 942 | |c BK | ||
| 945 | |d 20160708 23:22:00 |a dcastane | ||
| 260 | |a Valencia |b Tirant Lo Blanch |c 2012 | ||
| 650 | 0 | |a Derecho público |9 255910 | |
| 650 | 0 | |a Derecho común |9 376758 | |
| 583 | |a last modification |c 20160708 23:22:00 |k Rodrigo Vera | ||
| 490 | 0 | |a Monografías | |
| 999 | |c 365330 |d 365328 | ||
| 952 | |0 0 |1 0 |3 erb |4 0 |6 342_000000000000000_GON_2012 |7 0 |8 A |9 479146 |a BIBDER |b BIBDER |i 5297311 |l 2 |o 342 GON 2012 |p 5297311 |r 2023-01-25 |s 2021-10-16 |w 2019-11-24 |y BK |z Catalogado en:20160708 |k DER | ||